Reverse Dictionary #76 - Statistics

General Stats
  • This quiz has been taken 30 times
  • The average score is 11 of 25
Answer Stats
Definition First
Letter
Word % Correct
A liquid from a plant, especially fruit. J Juice
96%
A pigment (or dye)-based fluid used for writing, printing etc. I Ink
89%
Faith or trust in the reality of something; often based upon one's own reasoning, trust in a claim, desire of actuality, and/or evidence considered. B Belief
70%
A table, frame, or case, in past centuries usually with a sloping top but now usually with a flat top, for the use of writers and readers. It often has a drawer or repository underneath. D Desk
70%
To die; to cease to live, especially as a result of a tragedy. P Perish
70%
(US, Canada, Australia) To ask (about something). I Inquire
67%
The edible, starchy, tuberous root of a climbing vine of the genus Dioscorea, a tropical staple food. Y Yam
67%
(Canada, US) An exposed plumbing fitting; a tap or spigot; a regulator for controlling the flow of a liquid from a reservoir. F Faucet
63%
Often followed by out: to squeeze or twist (something moist) tightly so that liquid is forced out. W Wring
56%
Pertaining to the sense of hearing, the organs of hearing, or the science of sounds. A Acoustic
52%
To make something holy by religious rite, to sanctify. B Bless
52%
Tuneful. M Melodic
52%
To (cause to) separate and go in different directions; to disperse. S Scatter
44%
Decorated or marked with bands differing in color. S Striped
44%
Relating to or resembling a certain mythological, supernatural being, especially in tiny size or features. E Elfin
30%
That which happens after, that which follows, usually of strongly negative connotation in most contexts, implying a preceding catastrophe. A Aftermath
26%
Imposing or constituting a physical, mental, or figurative load which can be borne only with effort; burdensome. O Onerous
26%
To rebuke angrily. S Scold
26%
To bend the upper part of the body forward and downward to a half-squatting position; to crouch. S Stoop
22%
Confused, disorganised, in disarray. M Muddled
19%
(informal) Reluctant to spend money; miserly or stingy. T Tight-fisted
19%
A bin for drying or storing grain. C Crib
11%
Disappointed in someone or something that one discovers to be less good than one had believed. D Disillusioned
11%
(of something bad) Experienced or present to the maximum degree. A Abject
7%
An antagonization or instigation intended to convince a person to perform an action they otherwise would not. C Challenge
4%
No matching quizzes found
Score Distribution
Percent of People with Each Score
Percentile by Number Answered
Your Score History
You have not taken this quiz